[Event "Women's Baku Chess Olympiad"]
[Site "chess24.com"]
[Date "2016.09.10"]
[Round "8"]
[White "Razan, Alshaeby"]
[Black "Nomalungelo, Mathe"]
[Result "1-0"]
[Board "4"]
[WhiteID "8102953"]
[WhiteElo "1896"]
[WhiteCountry "JOR"]
[WhiteFideId "8102953"]
[WhiteEloChange "3"]
[BlackID "11001178"]
[BlackElo "1574"]
[BlackCountry "ZIM"]
[BlackFideId "11001178"]
[BlackEloChange "-3"]

1. d4 {[%clk 1:30:57]} d5 {[%clk 1:30:42]} 2. Nf3 {[%clk 1:31:18]} Nf6 {[%clk
1:30:42]} 3. Bf4 {[%clk 1:31:03]} e6 {[%clk 1:30:42]} 4. e3 {[%clk 1:31:09]} c5
{[%clk 1:30:17]} 5. Nbd2 {[%clk 1:30:41]} Nc6 {[%clk 1:26:25]} 6. c3 {[%clk
1:30:18]} c4 {[%clk 1:24:57]} 7. Qc2 {[%clk 1:29:09]} Be7 {[%clk 1:22:46]} 8. e4
{[%clk 1:29:05]} a6 {[%clk 1:16:40]} 9. a4 {[%clk 1:20:10]} h6 {[%clk 1:13:36]}
10. exd5 {[%clk 1:17:53]} exd5 {[%clk 1:11:44]} 11. b3 {[%clk 1:17:43]} cxb3
{[%clk 1:08:27]} 12. Nxb3 {[%clk 1:16:04]} O-O {[%clk 1:01:12]} 13. Bd3 {[%clk
1:16:19]} Re8 {[%clk 1:00:31]} 14. O-O {[%clk 1:16:15]} Bf8 {[%clk 0:58:51]} 15.
Rfe1 {[%clk 1:15:04]} Rxe1+ {[%clk 0:52:06]} 16. Rxe1 {[%clk 1:15:22]} Na5 {[%clk
0:51:25]} 17. Ne5 {[%clk 1:06:36]} Qb6 {[%clk 0:39:52]} 18. Nd2 {[%clk 1:00:04]}
Be6 {[%clk 0:36:34]} 19. Bf5 {[%clk 0:45:21]} Re8 {[%clk 0:27:51]} 20. Rb1 {[%clk
0:38:53]} Bxf5 {[%clk 0:24:09]} 21. Qxf5 {[%clk 0:38:19]} Qe6 {[%clk 0:24:21]}
22. Qd3 {[%clk 0:36:24]} Nh5 {[%clk 0:17:25]} 23. Be3 {[%clk 0:32:49]} Re7 {[%clk
0:16:08]} 24. f4 {[%clk 0:27:48]} Qc8 {[%clk 0:14:08]} 25. f5 {[%clk 0:25:13]}
Nf6 {[%clk 0:14:08]} 26. Rb6 {[%clk 0:20:20]} Rc7 {[%clk 0:12:38]} 27. c4 {[%clk
0:15:19]} dxc4 {[%clk 0:12:39]} 28. Qc2 {[%clk 0:10:27]} Nd5 {[%clk 0:12:09]} 29.
Qe4 {[%clk 0:03:58]} Nxb6 {[%clk 0:10:17]} 30. Qg4 {[%clk 0:02:20]} Kh7 {[%clk
0:09:21]} 31. Ne4 {[%clk 0:02:21]} Qe8 {[%clk 0:07:47]} 32. Bxh6 {[%clk 0:02:18]}
Nd7 {[%clk 0:05:30]} 33. Nxf7 {[%clk 0:01:42]} Nf6 {[%clk 0:03:45]} 34. Nxf6+
{[%clk 0:01:49]} 1-0

[Event "Women's Baku Chess Olympiad"]
[Site "chess24.com"]
[Date "2016.09.10"]
[Round "8"]
[White "Ptacnikova, Lenka"]
[Black "Bahji, Hind"]
[Result "1/2-1/2"]
[Board "1"]
[WhiteID "305650"]
[WhiteElo "2159"]
[WhiteTitle "WGM"]
[WhiteCountry "ISL"]
[WhiteFideId "305650"]
[WhiteEloChange "-5"]
[BlackID "9000780"]
[BlackElo "1948"]
[BlackTitle "WCM"]
[BlackCountry "MAR"]
[BlackFideId "9000780"]
[BlackEloChange "5"]

1. e4 {[%clk 1:30:58]} c5 {[%clk 1:30:55]} 2. Nc3 {[%clk 1:31:18]} d6 {[%clk
1:29:27]} 3. Nge2 {[%clk 1:30:23]} Nf6 {[%clk 1:28:36]} 4. g3 {[%clk 1:30:38]}
Nc6 {[%clk 1:22:04]} 5. Bg2 {[%clk 1:30:22]} g6 {[%clk 1:22:25]} 6. d4 {[%clk
1:29:41]} cxd4 {[%clk 1:22:33]} 7. Nxd4 {[%clk 1:30:06]} e5 {[%clk 1:15:44]} 8.
Nde2 {[%clk 1:25:06]} a6 {[%clk 1:13:48]} 9. a4 {[%clk 1:24:38]} Bg4 {[%clk
1:12:20]} 10. h3 {[%clk 1:23:42]} Be6 {[%clk 1:11:12]} 11. O-O {[%clk 1:20:39]}
Bg7 {[%clk 1:03:19]} 12. b3 {[%clk 1:12:50]} O-O {[%clk 0:56:36]} 13. Ba3 {[%clk
1:02:11]} Qd7 {[%clk 0:51:14]} 14. Qxd6 {[%clk 0:54:42]} Qxd6 {[%clk 0:51:34]}
15. Bxd6 {[%clk 0:55:07]} Rfd8 {[%clk 0:51:52]} 16. Ba3 {[%clk 0:50:02]} Rd2
{[%clk 0:50:28]} 17. Rac1 {[%clk 0:49:53]} Rc8 {[%clk 0:34:59]} 18. Rfd1 {[%clk
0:47:08]} Bh6 {[%clk 0:32:49]} 19. f4 {[%clk 0:44:09]} Rxd1+ {[%clk 0:28:37]} 20.
Rxd1 {[%clk 0:40:41]} Nd4 {[%clk 0:21:36]} 21. Nxd4 {[%clk 0:35:22]} Rxc3 {[%clk
0:21:29]} 22. Ne2 {[%clk 0:27:14]} Rc8 {[%clk 0:19:59]} 23. c4 {[%clk 0:26:07]}
Nd7 {[%clk 0:15:55]} 24. Bd6 {[%clk 0:21:23]} exf4 {[%clk 0:10:38]} 25. Nxf4
{[%clk 0:19:34]} Bxf4 {[%clk 0:10:55]} 26. gxf4 {[%clk 0:19:41]} Nc5 {[%clk
0:04:52]} 27. f5 {[%clk 0:19:21]} gxf5 {[%clk 0:05:02]} 28. exf5 {[%clk 0:19:37]}
Bxf5 {[%clk 0:05:11]} 29. Bxc5 {[%clk 0:16:39]} Rxc5 {[%clk 0:05:38]} 30. Bxb7
{[%clk 0:16:19]} Bc2 {[%clk 0:04:26]} 31. Rd8+ {[%clk 0:07:01]} Kg7 {[%clk
0:04:54]} 32. b4 {[%clk 0:03:54]} Rxc4 {[%clk 0:04:42]} 33. b5 {[%clk 0:03:57]}
axb5 {[%clk 0:04:38]} 34. axb5 {[%clk 0:02:45]} Rb4 {[%clk 0:04:55]} 35. Bc6
{[%clk 0:02:43]} Ba4 {[%clk 0:04:37]} 36. Rd5 {[%clk 0:02:25]} Kf6 {[%clk
0:03:19]} 37. Kf2 {[%clk 0:02:09]} Rb3 {[%clk 0:03:17]} 38. Bd7 {[%clk 0:01:52]}
Ke7 {[%clk 0:03:30]} 39. h4 {[%clk 0:01:55]} Rb4 {[%clk 0:02:38]} 40. h5 {[%clk
0:31:31]} f6 {[%clk 0:31:37]} 41. Bc6 {[%clk 0:27:38]} Ke6 {[%clk 0:27:25]} 42.
Rd7 {[%clk 0:26:25]} Bxb5 {[%clk 0:27:31]} 43. Bxb5 {[%clk 0:25:06]} Rxb5 {[%clk
0:27:46]} 1/2-1/2

[Event "Women's Baku Chess Olympiad"]
[Site "chess24.com"]
[Date "2016.09.10"]
[Round "8"]
[White "Rania, Sbai"]
[Black "Thorsteinsdottir, Gudlaug"]
[Result "1-0"]
[Board "2"]
[WhiteID "9002146"]
[WhiteElo "1907"]
[WhiteTitle "WIM"]
[WhiteCountry "MAR"]
[WhiteFideId "9002146"]
[WhiteEloChange "14"]
[BlackID "2300753"]
[BlackElo "2046"]
[BlackTitle "WFM"]
[BlackCountry "ISL"]
[BlackFideId "2300753"]
[BlackEloChange "-14"]

1. d4 {[%clk 1:30:47]} d5 {[%clk 1:30:42]} 2. c4 {[%clk 1:31:02]} c6 {[%clk
1:31:08]} 3. Nc3 {[%clk 1:31:28]} dxc4 {[%clk 1:31:16]} 4. a4 {[%clk 1:31:48]} e5
{[%clk 1:28:38]} 5. dxe5 {[%clk 1:20:50]} Qxd1+ {[%clk 1:28:58]} 6. Kxd1 {[%clk
1:21:15]} Be6 {[%clk 1:29:07]} 7. f4 {[%clk 1:19:50]} Na6 {[%clk 1:29:15]} 8. Nf3
{[%clk 1:16:03]} O-O-O+ {[%clk 1:29:04]} 9. Bd2 {[%clk 1:15:14]} Nc5 {[%clk
1:23:49]} 10. Kc2 {[%clk 1:14:38]} Bf5+ {[%clk 1:23:52]} 11. e4 {[%clk 1:08:48]}
Nxe4 {[%clk 1:23:31]} 12. Nxe4 {[%clk 1:09:11]} Bxe4+ {[%clk 1:23:56]} 13. Kc1
{[%clk 1:04:22]} Bd5 {[%clk 1:17:58]} 14. Be3 {[%clk 1:02:02]} Bb4 {[%clk
1:02:03]} 15. Bxa7 {[%clk 0:46:08]} c5 {[%clk 1:01:07]} 16. Bb6 {[%clk 0:46:17]}
Rd7 {[%clk 0:59:04]} 17. Be2 {[%clk 0:46:30]} Ne7 {[%clk 0:55:56]} 18. Nh4 {[%clk
0:36:04]} h5 {[%clk 0:53:27]} 19. Rd1 {[%clk 0:34:21]} g6 {[%clk 0:49:22]} 20. a5
{[%clk 0:29:18]} Nc6 {[%clk 0:45:55]} 21. Bf3 {[%clk 0:24:45]} Nd4 {[%clk
0:38:59]} 22. Bxd5 {[%clk 0:24:36]} Rxd5 {[%clk 0:39:19]} 23. Kb1 {[%clk
0:24:06]} Rd7 {[%clk 0:31:12]} 24. Ka2 {[%clk 0:15:16]} Re7 {[%clk 0:27:14]} 25.
Rac1 {[%clk 0:14:30]} g5 {[%clk 0:19:18]} 26. Rxd4 {[%clk 0:10:21]} cxd4 {[%clk
0:12:43]} 27. Nf5 {[%clk 0:10:19]} Rd7 {[%clk 0:12:30]} 28. Rxc4+ {[%clk
0:10:22]} Kb8 {[%clk 0:12:38]} 29. Rxb4 {[%clk 0:09:47]} d3 {[%clk 0:12:58]} 30.
Ne3 {[%clk 0:09:05]} d2 {[%clk 0:12:35]} 31. a6 {[%clk 0:03:16]} gxf4 {[%clk
0:07:13]} 32. a7+ {[%clk 0:02:10]} Ka8 {[%clk 0:07:37]} 33. Nd1 {[%clk 0:02:35]}
Rg8 {[%clk 0:07:36]} 34. Rxf4 {[%clk 0:02:40]} Rg6 {[%clk 0:07:10]} 35. Be3
{[%clk 0:01:57]} b5 {[%clk 0:07:11]} 36. g3 {[%clk 0:01:39]} Ra6+ {[%clk
0:07:23]} 37. Kb3 {[%clk 0:00:46]} Ra1 {[%clk 0:07:14]} 38. e6 {[%clk 0:01:06]}
Rd8 {[%clk 0:02:53]} 39. e7 {[%clk 0:01:03]} Re8 {[%clk 0:02:58]} 40. Rxf7 {[%clk
0:30:51]} Kb7 {[%clk 0:02:58]} 41. Rf8 {[%clk 0:31:05]} Rxe7 {[%clk 0:33:36]} 42.
Rb8+ {[%clk 0:31:13]} Kc6 {[%clk 0:31:39]} 43. a8Q+ {[%clk 0:31:31]} Rxa8 {[%clk
0:32:06]} 44. Rxa8 {[%clk 0:31:53]} h4 {[%clk 0:32:09]} 45. gxh4 {[%clk 0:29:24]}
Re4 {[%clk 0:32:23]} 46. Rh8 {[%clk 0:28:55]} Rg4 {[%clk 0:32:40]} 47. Bxd2
{[%clk 0:28:31]} 1-0

[Event "Women's Baku Chess Olympiad"]
[Site "chess24.com"]
[Date "2016.09.10"]
[Round "8"]
[White "Thorsteinsdottir, Hallgerdur"]
[Black "Alaoui Belghiti, Chaimaa"]
[Result "1-0"]
[Board "3"]
[WhiteID "2302454"]
[WhiteElo "2015"]
[WhiteCountry "ISL"]
[WhiteFideId "2302454"]
[WhiteEloChange "2"]
[BlackID "9002375"]
[BlackElo "1654"]
[BlackTitle "WFM"]
[BlackCountry "MAR"]
[BlackFideId "9002375"]
[BlackEloChange "-2"]

1. e4 {[%clk 1:30:54]} c6 {[%clk 1:30:53]} 2. d4 {[%clk 1:31:10]} d5 {[%clk
1:31:18]} 3. e5 {[%clk 1:31:28]} Bf5 {[%clk 1:31:40]} 4. Nc3 {[%clk 1:31:42]} e6
{[%clk 1:31:53]} 5. g4 {[%clk 1:31:44]} Bg6 {[%clk 1:32:12]} 6. Nge2 {[%clk
1:31:58]} c5 {[%clk 1:30:54]} 7. h4 {[%clk 1:31:55]} h6 {[%clk 1:30:55]} 8. Be3
{[%clk 1:31:49]} c4 {[%clk 1:29:02]} 9. f4 {[%clk 1:29:39]} Nc6 {[%clk 1:28:05]}
10. Ng3 {[%clk 1:24:26]} Nge7 {[%clk 1:27:17]} 11. h5 {[%clk 1:15:31]} Bh7 {[%clk
1:24:45]} 12. Bg2 {[%clk 1:11:18]} a6 {[%clk 1:15:25]} 13. O-O {[%clk 0:55:45]}
Qc7 {[%clk 1:10:56]} 14. f5 {[%clk 0:50:26]} O-O-O {[%clk 1:08:00]} 15. Qf3
{[%clk 0:47:50]} Ng8 {[%clk 1:02:39]} 16. Nce2 {[%clk 0:41:42]} exf5 {[%clk
0:59:13]} 17. gxf5 {[%clk 0:40:47]} Nb4 {[%clk 0:57:37]} 18. Rfc1 {[%clk
0:38:12]} Nc6 {[%clk 0:53:08]} 19. c3 {[%clk 0:36:03]} Kb8 {[%clk 0:46:25]} 20.
b3 {[%clk 0:32:38]} cxb3 {[%clk 0:44:17]} 21. axb3 {[%clk 0:33:00]} Na5 {[%clk
0:44:11]} 22. Rab1 {[%clk 0:31:22]} Qd7 {[%clk 0:42:20]} 23. c4 {[%clk 0:30:41]}
Ne7 {[%clk 0:42:03]} 24. Rf1 {[%clk 0:28:33]} Ng8 {[%clk 0:37:14]} 25. cxd5
{[%clk 0:27:37]} g5 {[%clk 0:35:45]} 26. Nc3 {[%clk 0:25:13]} f6 {[%clk 0:34:37]}
27. Na4 {[%clk 0:19:02]} Qb5 {[%clk 0:30:32]} 28. b4 {[%clk 0:15:29]} Nc4 {[%clk
0:29:33]} 29. Nc3 {[%clk 0:12:58]} Qd7 {[%clk 0:28:25]} 30. Qe4 {[%clk 0:10:35]}
Bg7 {[%clk 0:25:50]} 31. b5 {[%clk 0:08:33]} a5 {[%clk 0:17:36]} 32. Na4 {[%clk
0:08:48]} Bf8 {[%clk 0:15:53]} 33. d6 {[%clk 0:08:22]} Rc8 {[%clk 0:14:05]} 34.
Nc5 {[%clk 0:08:17]} Rxc5 {[%clk 0:14:19]} 35. dxc5 {[%clk 0:08:36]} Nxe5 {[%clk
0:14:38]} 36. Rfd1 {[%clk 0:07:09]} Kc8 {[%clk 0:13:31]} 37. c6 {[%clk 0:06:34]}
1-0

[Event "Women's Baku Chess Olympiad"]
[Site "chess24.com"]
[Date "2016.09.10"]
[Round "8"]
[White "Ibrahimi Khadija"]
[Black "Magnusdottir, Veronika Steinunn"]
[Result "0-1"]
[Board "4"]
[WhiteID "9004319"]
[WhiteElo "1565"]
[WhiteCountry "MAR"]
[WhiteFideId "9004319"]
[WhiteEloChange "-5"]
[BlackID "2309114"]
[BlackElo "1777"]
[BlackCountry "ISL"]
[BlackFideId "2309114"]
[BlackEloChange "5"]

1. e4 {[%clk 1:30:58]} c5 {[%clk 1:30:44]} 2. Nc3 {[%clk 1:31:21]} a6 {[%clk
1:31:10]} 3. g3 {[%clk 1:31:47]} b5 {[%clk 1:30:58]} 4. a3 {[%clk 1:31:14]} Bb7
{[%clk 1:30:54]} 5. Bg2 {[%clk 1:31:26]} e6 {[%clk 1:31:12]} 6. d3 {[%clk
1:31:17]} Nf6 {[%clk 1:24:04]} 7. f4 {[%clk 1:29:07]} d5 {[%clk 1:22:49]} 8. e5
{[%clk 1:27:56]} Ng8 {[%clk 1:20:54]} 9. Nf3 {[%clk 1:22:39]} Ne7 {[%clk
1:19:49]} 10. Qe2 {[%clk 1:20:10]} h5 {[%clk 1:17:51]} 11. Nh4 {[%clk 1:18:38]}
Nbc6 {[%clk 1:16:27]} 12. Qf2 {[%clk 1:15:43]} Rc8 {[%clk 0:56:04]} 13. O-O
{[%clk 1:09:00]} Nd4 {[%clk 0:52:00]} 14. Nd1 {[%clk 1:06:04]} g6 {[%clk
0:39:56]} 15. Ne3 {[%clk 1:01:47]} Ba8 {[%clk 0:33:07]} 16. c3 {[%clk 1:00:01]}
Nb3 {[%clk 0:31:19]} 17. Rb1 {[%clk 0:58:23]} d4 {[%clk 0:30:10]} 18. cxd4 {[%clk
0:56:19]} Bxg2 {[%clk 0:30:05]} 19. Nhxg2 {[%clk 0:55:15]} Nxd4 {[%clk 0:28:40]}
20. Nh4 {[%clk 0:54:16]} Nd5 {[%clk 0:26:42]} 21. Nxd5 {[%clk 0:52:58]} Qxd5
{[%clk 0:27:06]} 22. Be3 {[%clk 0:53:09]} Nf5 {[%clk 0:19:31]} 23. Nxf5 {[%clk
0:52:29]} gxf5 {[%clk 0:19:58]} 24. Rfd1 {[%clk 0:52:20]} h4 {[%clk 0:19:13]} 25.
Rbc1 {[%clk 0:51:13]} hxg3 {[%clk 0:19:23]} 26. Qxg3 {[%clk 0:50:34]} Rh6 {[%clk
0:19:00]} 27. Kf2 {[%clk 0:50:18]} Be7 {[%clk 0:17:00]} 28. Ke2 {[%clk 0:47:41]}
Rg6 {[%clk 0:14:42]} 29. Qf3 {[%clk 0:46:18]} Rg2+ {[%clk 0:14:07]} 30. Bf2
{[%clk 0:46:26]} Qxf3+ {[%clk 0:13:02]} 31. Kxf3 {[%clk 0:46:49]} Rxh2 {[%clk
0:12:53]} 32. d4 {[%clk 0:45:50]} c4 {[%clk 0:08:48]} 33. d5 {[%clk 0:44:46]}
exd5 {[%clk 0:03:19]} 34. Rxd5 {[%clk 0:44:55]} Rd8 {[%clk 0:03:12]} 35. Rxd8+
{[%clk 0:42:52]} Kxd8 {[%clk 0:03:12]} 36. Rd1+ {[%clk 0:42:27]} Kc7 {[%clk
0:03:31]} 37. Kg3 {[%clk 0:41:48]} Rh8 {[%clk 0:03:03]} 38. Kg2 {[%clk 0:41:38]}
Kc6 {[%clk 0:02:43]} 39. Rd2 {[%clk 0:40:07]} Rd8 {[%clk 0:01:26]} 40. Rxd8
{[%clk 1:09:49]} Bxd8 {[%clk 0:31:54]} 41. Be1 {[%clk 1:06:43]} Kd5 {[%clk
0:31:30]} 42. Kf3 {[%clk 1:06:52]} Bb6 {[%clk 0:26:35]} 43. Bd2 {[%clk 1:06:47]}
Bg1 {[%clk 0:21:46]} 44. Bc3 {[%clk 1:04:51]} Bd4 {[%clk 0:21:05]} 45. Bxd4
{[%clk 1:04:27]} Kxd4 {[%clk 0:21:28]} 46. Kf2 {[%clk 1:04:46]} 0-1

[Event "Women's Baku Chess Olympiad"]
[Site "chess24.com"]
[Date "2016.09.10"]
[Round "8"]
[White "Figueroa, Julissa"]
[Black "Lu, Rachel"]
[Result "1/2-1/2"]
[Board "1"]
[WhiteID "7300450"]
[WhiteElo "1787"]
[WhiteTitle "WCM"]
[WhiteCountry "GUA"]
[WhiteFideId "7300450"]
[WhiteEloChange "-3"]
[BlackID "6002293"]
[BlackElo "1671"]
[BlackTitle "WCM"]
[BlackCountry "HKG"]
[BlackFideId "6002293"]
[BlackEloChange "3"]

1. e4 {[%clk 1:30:55]} c5 {[%clk 1:30:56]} 2. Nf3 {[%clk 1:31:21]} e6 {[%clk
1:31:20]} 3. d4 {[%clk 1:31:45]} cxd4 {[%clk 1:31:43]} 4. Nxd4 {[%clk 1:32:12]}
Nf6 {[%clk 1:32:02]} 5. Nc3 {[%clk 1:32:37]} d6 {[%clk 1:32:24]} 6. Be2 {[%clk
1:32:27]} a6 {[%clk 1:32:46]} 7. a4 {[%clk 1:32:24]} Nc6 {[%clk 1:31:48]} 8. O-O
{[%clk 1:32:16]} Qb6 {[%clk 1:28:24]} 9. Nb3 {[%clk 1:29:00]} Be7 {[%clk
1:27:00]} 10. Be3 {[%clk 1:27:37]} Qc7 {[%clk 1:26:28]} 11. a5 {[%clk 1:26:56]}
Nd7 {[%clk 1:18:19]} 12. f4 {[%clk 1:17:27]} Nc5 {[%clk 1:14:34]} 13. f5 {[%clk
1:11:22]} Nxb3 {[%clk 1:02:07]} 14. Bb6 {[%clk 1:10:31]} Qb8 {[%clk 1:01:56]} 15.
cxb3 {[%clk 1:00:09]} O-O {[%clk 0:59:05]} 16. Bc4 {[%clk 0:46:22]} Bf6 {[%clk
0:52:39]} 17. Qh5 {[%clk 0:33:30]} Ne5 {[%clk 0:44:26]} 18. fxe6 {[%clk 0:22:35]}
Bxe6 {[%clk 0:40:05]} 19. Nd5 {[%clk 0:21:48]} Bxd5 {[%clk 0:39:16]} 20. Bxd5
{[%clk 0:21:25]} Nd7 {[%clk 0:32:44]} 21. Qg4 {[%clk 0:16:58]} Nxb6 {[%clk
0:30:34]} 22. Rxf6 {[%clk 0:12:27]} Nxd5 {[%clk 0:30:32]} 23. exd5 {[%clk
0:12:49]} Qd8 {[%clk 0:27:42]} 24. Rf3 {[%clk 0:11:11]} Rc8 {[%clk 0:23:45]} 25.
Raf1 {[%clk 0:10:13]} Qxa5 {[%clk 0:22:16]} 26. Rg3 {[%clk 0:08:02]} g6 {[%clk
0:22:33]} 27. Qg5 {[%clk 0:07:31]} Qd8 {[%clk 0:22:33]} 28. Qh6 {[%clk 0:07:20]}
Qe7 {[%clk 0:17:53]} 29. Rh3 {[%clk 0:06:27]} f5 {[%clk 0:17:19]} 30. Re3 {[%clk
0:06:12]} Qf7 {[%clk 0:14:52]} 31. Re6 {[%clk 0:06:05]} Rcd8 {[%clk 0:14:45]}
1/2-1/2

[Event "Women's Baku Chess Olympiad"]
[Site "chess24.com"]
[Date "2016.09.10"]
[Round "8"]
[White "Kannappan, Sigappi"]
[Black "Sotomayor Villatoro, Silvi"]
[Result "1-0"]
[Board "2"]
[WhiteID "6000711"]
[WhiteElo "1864"]
[WhiteCountry "HKG"]
[WhiteFideId "6000711"]
[WhiteEloChange "10"]
[BlackID "7301057"]
[BlackElo "1876"]
[BlackTitle "WIM"]
[BlackCountry "GUA"]
[BlackFideId "7301057"]
[BlackEloChange "-10"]

1. e4 {[%clk 1:30:43]} c5 {[%clk 1:30:53]} 2. Nf3 {[%clk 1:31:09]} e6 {[%clk
1:31:19]} 3. d4 {[%clk 1:31:35]} cxd4 {[%clk 1:31:43]} 4. Nxd4 {[%clk 1:32:01]}
a6 {[%clk 1:32:09]} 5. Be2 {[%clk 1:32:27]} Nf6 {[%clk 1:32:23]} 6. Nc3 {[%clk
1:32:53]} Qc7 {[%clk 1:32:46]} 7. O-O {[%clk 1:33:15]} Be7 {[%clk 1:32:57]} 8.
Be3 {[%clk 1:32:31]} d6 {[%clk 1:33:21]} 9. a4 {[%clk 1:32:54]} Nbd7 {[%clk
1:33:46]} 10. f4 {[%clk 1:32:29]} b6 {[%clk 1:33:43]} 11. Bf3 {[%clk 1:32:36]}
Bb7 {[%clk 1:34:04]} 12. f5 {[%clk 1:26:18]} e5 {[%clk 1:33:19]} 13. Nb3 {[%clk
1:26:41]} O-O {[%clk 1:32:13]} 14. Kh1 {[%clk 1:27:07]} Rfd8 {[%clk 1:23:50]} 15.
g4 {[%clk 1:05:57]} h6 {[%clk 1:23:50]} 16. h4 {[%clk 1:06:01]} Nh7 {[%clk
1:04:52]} 17. Qe1 {[%clk 0:58:25]} Nc5 {[%clk 1:00:00]} 18. Nxc5 {[%clk 0:57:57]}
dxc5 {[%clk 1:00:23]} 19. Qg3 {[%clk 0:57:45]} f6 {[%clk 0:55:12]} 20. Be2 {[%clk
0:57:06]} c4 {[%clk 0:52:35]} 21. Qf2 {[%clk 0:54:01]} Rd6 {[%clk 0:48:20]} 22.
Rfd1 {[%clk 0:51:14]} Rad8 {[%clk 0:45:51]} 23. Qf1 {[%clk 0:43:13]} Rxd1 {[%clk
0:31:46]} 24. Rxd1 {[%clk 0:43:40]} Kh8 {[%clk 0:28:16]} 25. Rxd8+ {[%clk
0:43:33]} Qxd8 {[%clk 0:28:38]} 26. Bxc4 {[%clk 0:43:30]} Bb4 {[%clk 0:28:11]}
27. Nd5 {[%clk 0:43:05]} Bxd5 {[%clk 0:27:09]} 28. Bxd5 {[%clk 0:43:06]} Nf8
{[%clk 0:22:56]} 29. c3 {[%clk 0:41:01]} Bd6 {[%clk 0:21:33]} 30. Qxa6 {[%clk
0:41:19]} Bc7 {[%clk 0:20:24]} 31. Qa8 {[%clk 0:29:58]} Kh7 {[%clk 0:13:04]} 32.
Qxd8 {[%clk 0:30:00]} Bxd8 {[%clk 0:13:32]} 33. Bc6 {[%clk 0:27:40]} Kg8 {[%clk
0:13:26]} 34. Be8 {[%clk 0:28:00]} Kh7 {[%clk 0:12:24]} 35. c4 {[%clk 0:28:06]}
g5 {[%clk 0:12:07]} 36. h5 {[%clk 0:25:54]} Kg7 {[%clk 0:11:51]} 37. c5 {[%clk
0:26:02]} bxc5 {[%clk 0:09:43]} 38. Bxc5 {[%clk 0:26:30]} 1-0

[Event "Women's Baku Chess Olympiad"]
[Site "chess24.com"]
[Date "2016.09.10"]
[Round "8"]
[White "Diaz, Luisa"]
[Black "Deng Jing Xin Crystal"]
[Result "0-1"]
[Board "3"]
[WhiteID "7300948"]
[WhiteElo "1825"]
[WhiteCountry "GUA"]
[WhiteFideId "7300948"]
[WhiteEloChange "-15"]
[BlackID "6002439"]
[BlackElo "1625"]
[BlackCountry "HKG"]
[BlackFideId "6002439"]
[BlackEloChange "15"]

1. e4 {[%clk 1:30:55]} c5 {[%clk 1:30:54]} 2. Nf3 {[%clk 1:31:15]} Nc6 {[%clk
1:31:20]} 3. d4 {[%clk 1:31:37]} cxd4 {[%clk 1:31:45]} 4. Nxd4 {[%clk 1:32:01]}
g6 {[%clk 1:32:10]} 5. Be3 {[%clk 1:32:18]} Bg7 {[%clk 1:32:33]} 6. Nc3 {[%clk
1:32:41]} Nf6 {[%clk 1:32:57]} 7. Be2 {[%clk 1:33:05]} O-O {[%clk 1:33:17]} 8.
Qd2 {[%clk 1:33:30]} d6 {[%clk 1:32:23]} 9. O-O-O {[%clk 1:33:24]} Bd7 {[%clk
1:31:48]} 10. h4 {[%clk 1:32:35]} h5 {[%clk 1:31:36]} 11. f3 {[%clk 1:32:38]} Ne5
{[%clk 1:27:41]} 12. Kb1 {[%clk 1:25:54]} Rc8 {[%clk 1:26:07]} 13. Rdg1 {[%clk
1:15:56]} a6 {[%clk 1:14:46]} 14. g4 {[%clk 1:11:53]} Nc4 {[%clk 1:04:16]} 15.
Bxc4 {[%clk 1:09:53]} Rxc4 {[%clk 1:04:39]} 16. gxh5 {[%clk 1:00:11]} Nxh5 {[%clk
1:04:34]} 17. Nf5 {[%clk 1:00:36]} Be5 {[%clk 0:38:14]} 18. Bh6 {[%clk 0:46:20]}
Re8 {[%clk 0:36:48]} 19. Qg5 {[%clk 0:46:44]} Kh7 {[%clk 0:35:02]} 20. Bf8 {[%clk
0:42:09]} Bf4 {[%clk 0:26:51]} 21. Bxe7 {[%clk 0:37:22]} Bxg5 {[%clk 0:22:26]}
22. Bxd8 {[%clk 0:37:33]} Bf4 {[%clk 0:21:06]} 23. Nxd6 {[%clk 0:33:42]} Bxd6
{[%clk 0:21:17]} 24. Rd1 {[%clk 0:33:57]} Rc6 {[%clk 0:19:33]} 25. Bg5 {[%clk
0:31:43]} Be6 {[%clk 0:19:45]} 26. Rd3 {[%clk 0:30:43]} f6 {[%clk 0:18:19]} 27.
Be3 {[%clk 0:30:47]} Bf4 {[%clk 0:17:15]} 28. Bf2 {[%clk 0:30:33]} Be5 {[%clk
0:16:50]} 29. Nd5 {[%clk 0:27:12]} Nf4 {[%clk 0:15:23]} 30. Bg3 {[%clk 0:25:37]}
Nxd3 {[%clk 0:13:12]} 31. Bxe5 {[%clk 0:26:05]} Bxd5 {[%clk 0:13:23]} 32. exd5
{[%clk 0:26:21]} Nxe5 {[%clk 0:12:51]} 33. dxc6 {[%clk 0:26:21]} Nxc6 {[%clk
0:13:06]} 34. c3 {[%clk 0:26:28]} Kh6 {[%clk 0:12:41]} 35. Rd1 {[%clk 0:26:21]}
Kh5 {[%clk 0:12:49]} 36. Rd7 {[%clk 0:26:39]} Re7 {[%clk 0:13:06]} 37. Rd6 {[%clk
0:27:01]} Rf7 {[%clk 0:13:03]} 38. Re6 {[%clk 0:25:06]} Kxh4 {[%clk 0:13:06]} 39.
Re4+ {[%clk 0:25:31]} Kg5 {[%clk 0:12:47]} 40. Kc2 {[%clk 0:55:30]} Re7 {[%clk
0:42:53]} 41. Rg4+ {[%clk 0:55:40]} Kf5 {[%clk 0:43:05]} 42. Kd2 {[%clk 0:54:22]}
Ne5 {[%clk 0:43:20]} 43. Rg3 {[%clk 0:54:12]} g5 {[%clk 0:43:29]} 44. a4 {[%clk
0:53:48]} Kf4 {[%clk 0:43:41]} 45. Rh3 {[%clk 0:53:30]} Nxf3+ {[%clk 0:44:03]}
0-1